Central Library OPAC University of Rajshahi

Progress in operations research / (Record no. 40)

MARC details
000 -LEADER
fixed length control field 00730nam a2200241u 4500
001 - CONTROL NUMBER
control field 40
003 - CONTROL NUMBER IDENTIFIER
rucl marc code BD-RjUL
005 - DATE AND TIME OF LATEST TRANSACTION
control field 20211208233110.0
008 - FIXED-LENGTH DATA ELEMENTS--GENERAL INFORMATION
fixed length control field 131107s1961 nyu|| ||||||| 0 |eng|
020 ## - INTERNATIONAL STANDARD BOOK NUMBER
International Standard Book Number 0471003301
035 ## - SYSTEM CONTROL NUMBER
System control number (BD-RjUL) 45
040 ## - CATALOGING SOURCE
Original cataloging agency DLC
Transcribing agency BD-RjUL
Modifying agency BD-RjUL
Language of cataloging eng
041 ## - LANGUAGE CODE
Language code of text/sound track or separate title eng
082 ## - DEWEY DECIMAL CLASSIFICATION NUMBER
Edition number 19
Classification number 001.424
Author mark and year PRO 1966
245 00 - TITLE STATEMENT
Title Progress in operations research /
Statement of responsibility, etc. edited by Russell Lincoln Ackoff
Number of part/section of a work Volume 1
260 ## - PUBLICATION, DISTRIBUTION, ETC. (IMPRINT)
Place of publication, distribution, etc. New York :
Name of publisher, distributor, etc. John Wiley & Sons,
Date of publication, distribution, etc. c1961 [Printing 1966]
300 ## - PHYSICAL DESCRIPTION
Pagination xii, 505 p.:
Illustrations ill ;
Size 24 cm.
490 ## - SERIES STATEMENT
Series statement Publications in operations research,
Volume/sequential designation 5
504 ## - BIBLIOGRAPHY, ETC. NOTE
Bibliography, etc Includes index
650 #0 - SUBJECT ADDED ENTRY--TOPICAL TERM
Topical term or geographic name as entry element Operations research.
9 (RLIN) 135
700 1# - ADDED ENTRY--PERSONAL NAME
Personal name Ackoff, Russell Lincoln,
942 ## - ADDED ENTRY ELEMENTS (KOHA)
Source of classification or shelving scheme Dewey Decimal Classification
Koha item type Books
Holdings
Lost status Source of classification or shelving scheme Damaged status Not for loan Collection code Permanent Location Current Location Shelving location Date acquired Cost, normal purchase price Total Checkouts Full call number Date last seen Copy number Koha item type Source of acquisition
  Dewey Decimal Classification     Non-fiction Central Library, University of Rajshahi Central Library, University of Rajshahi   21/12/1967 88.00   001.424 PRO V-1 1966 06/11/2013 C-2 Books  
  Dewey Decimal Classification   Not For Loan Non-fiction Central Library, University of Rajshahi Central Library, University of Rajshahi Reading Room 26/01/2015     001.424 PRO V-1 1961 26/01/2015 C-1 Books  
  Dewey Decimal Classification     Non-fiction Central Library, University of Rajshahi Central Library, University of Rajshahi   26/01/2015     001.424 PRO V-1 1966 26/01/2015 C-3 Books  
  Dewey Decimal Classification     Non-fiction Central Library, University of Rajshahi Central Library, University of Rajshahi   26/01/2015     001.424 PRO V-1 1966 26/01/2015 C-4 Books  
  Dewey Decimal Classification     Non-fiction Central Library, University of Rajshahi Central Library, University of Rajshahi   03/10/1980     001.424 PRO V-2 1976 04/09/2016 C-2 Books Netherland
  Dewey Decimal Classification     Non-fiction Central Library, University of Rajshahi Central Library, University of Rajshahi Reading Room 30/03/1964 89.00   001.424 PRO V-1 1961 20/04/2017 C-5 Books Zeitlinger